000 00566nam a2200241Ia 4500
003 LK-CoDNM
008 010623t1958 xxu||||| |||| 00| 1 sin d
040 _aLK-CoDNM
_dLK-CoDNM
_eLK-CoDNM
041 _asin
080 _aJ 94
245 _aශ්‍රී ලංකා
246 _aSri Lanka
260 _bPravuththi Departamentuva
_aColombo
_c1958
300 _b30p., iill, 25 cm
650 _aAnthropology
650 _aBanana
650 _aCast
650 _aJack
650 _aRest House
650 _aSociology
650 _aTank
942 _cBK
999 _c104843
_d104843